Music Quiz

Random Music or Kpop Quiz
Score 0/220 Timer 20:00
0 Plays Today
view count song % Correct
210M (rank 11)i
97.2%
355M (rank 1)monster
96%
72M (rank 59)monster
96%
340M (rank 2)love shot
95.3%
289M (rank 4)ko ko bop
94.5%
292M (rank 3)bad boy
93.7%
88M (rank 46)mama (kor ver.)
92.9%
23M (rank 172)mama (chn ver.)
92.9%
262M (rank 6)gee
92.9%
28M (rank 149)gee (jpn ver.)
92.9%
205M (rank 12)psycho
92.9%
241M (rank 8)growl (kor ver.)
91.3%
86M (rank 50)power
91.3%
276M (rank 5)call me baby (kor ver.)
90.5%
25M (rank 168)call me baby (chn ver.)
90.5%
127M (rank 27)sorry, sorry
89.3%
136M (rank 22)boss
88.5%
114M (rank 34)obsession
86.2%
121M (rank 30)ice cream cake
86.2%
163M (rank 17)red flavour
85.8%
179M (rank 16)tempo
85.4%
54M (rank 78)chewing gum
85.4%
37M (rank 118)go
85.4%
99M (rank 40)happiness
85%
88M (rank 47)kick it
84.6%
124M (rank 29)love me right
84.2%
116M (rank 32)cherry bomb
84.2%
184M (rank 15)russian roulette
84.2%
87M (rank 48)jopping
84.1%
144M (rank 20)wolf (kor ver.)
83.8%
237M (rank 9)i got a boy
83.8%
130M (rank 25)ring ding dong
83.8%
221M (rank 10overdose (exo-k ver.)
83.4%
28M (rank 152)overdose (exo-m ver.)
83.4%
91M (rank 43)boom
83.4%
111M (rank 35)make a wish (birthday song)
82.2%
148M (rank 19)lotto
81%
250M (rank 7)the boys (kor ver.)
81%
16M (rank 210)the boys
81%
82M (rank 52)zimzalabim
81%
94M (rank 42)the 7th sense
80.6%
131M (rank 24)electric shock
80.6%
47M (rank 92)candy
80.2%
117M (rank 31)lion heart
80.2%
107M (rank 38)power up
78.7%
186M (rank 14)peek-a-boo
78.3%
20M (rank 185)the one
77.9%
35M (rank 129)fire truck
77.9%
115M (rank 33)lucifer
77.9%
27M (rank 155)replay
77.9%
21M (rank 183)one (monster & infinity)
77.8%
81M (rank 53)lo siento
77.5%
45M (rank 99)into the new world
77.5%
57M (rank 75)we go up
77.1%
188M (rank 13)mr. simple
77.1%
138M (rank 21)lil' touch
76.3%
59M (rank 73)regular (eng ver.)
75.9%
18M (rank 195)regular (kor ver.)
75.9%
16M (rank 209)regular
75.9%
135M (rank 23)dumb dumb
75.9%
51M (rank 83)move
75.5%
52M (rank 82)view
74.3%
40M (rank 112)umpah umpah
74.3%
66M (rank 66)hey mama
73.5%
29M (rank 146)[station] we young
73.5%
20M (rank 187)we young
73.5%
40M (rank 111)4 walls
73.5%
49M (rank 89)black suit
73.1%
69M (rank 62)mirotic
72.7%
95M (rank 41)mamacita
72.7%
59M (rank 74)simon says
72.3%
110M (rank 36)party
71.9%
63M (rank 68)really bad boy
71.9%
89M (rank 45)mr.mr.
71.5%
view count song % Correct
46M (rank 95)black on black
70.8%
48M (rank 91)holiday
70.8%
85M (rank 51)history (kor ver.)
70.4%
17M (rank 201)history (chn ver.)
70.4%
40M (rank 109)sherlock (clue + note)
70.4%
49M (rank 88)ridin'
70%
49M (rank 87)black mamba
69.6%
128M (rank 26)oh!
69.6%
44M (rank 105)oh! (jpn ver.)
69.6%
36M (rank 124)un village
69.2%
109M (rank 37)run devil run
69.2%
71M (rank 61)genie
68.8%
29M (rank 144)genie (jpn ver.)
68.8%
45M (rank 100)limitless
68.4%
74M (rank 56)baby don't stop
68%
33M (rank 133)punch
67.6%
71M (rank 60)lucky one
67.2%
89M (rank 44)twinkle
67.2%
47M (rank 93)blooming day
66.8%
16M (rank 211)criminal
66.4%
67M (rank 65)rookie
66.4%
37M (rank 119)tiger inside
66.3%
29M (rank 143)danger
65.2%
45M (rank 98)danger
65.2%
33M (rank 134)catch me
63.6%
47M (rank 94)red light
62.8%
31M (rank 136)90s love
62.5%
76M (rank 55)hello
62.5%
38M (rank 117)superhuman
62.1%
43M (rank 106)touch
62.1%
18M (rank 194)my first and last
61.3%
60M (rank 72)hot summer
61.3%
67M (rank 64)why
60.1%
45M (rank 101)universe
59.7%
33M (rank 131)dessert
59.3%
127M (rank 28)bonamana
58.9%
22M (rank 173)100
58.7%
35M (rank 128)want
58.5%
28M (rank 153)be natural
58.5%
54M (rank 79)fine
58.1%
19M (rank 190)catch me if you can (jpn ver.)
57.7%
76M (rank 54)catch me if you can
57.7%
50M (rank 84)[station] wow thing
57.7%
56M (rank 76)[station] dancing king
56.9%
44M (rank 103)from home
56.9%
49M (rank 85)devil
56.9%
49M (rank 90)hoot
56.9%
28M (rank 148)spark
56.1%
25M (rank 167)take off
55.3%
23M (rank 171)all night
54.9%
46M (rank 97)you think
54.5%
53M (rank 80)miracles in december
54.2%
154M (rank 18)mr. taxi
54.2%
32M (rank 135)love talk
53.8%
19M (rank 188)without you
52.6%
73M (rank 57)sexy, free & single
51.4%
26M (rank 163)super clap
50.6%
27M (rank 156)turn back time
50.2%
40M (rank 110)idea
50.2%
62M (rank 69)rum pum pum pum
49.8%
27M (rank 158)holler
49%
24M (rank 170)automatic
49%
72M (rank 58)one more time (otra vez)
48.6%
86M (rank 49)trap
48.6%
18M (rank 193)la cha ta
48.6%
26M (rank 164)one of these nights
48.6%
49M (rank 86)only one
47.4%
29M (rank 142)highway to heaven (eng ver.)
47%
43M (rank 107)everybody
46.2%
16M (rank 212)1 of 1
46.2%
18M (rank 197)married to the music
45.5%
15M (rank 215)1 billion views
45.1%
34M (rank 130)lonely
45.1%
38M (rank 115)sing for you
44.7%
view count song % Correct
22M (rank 177)tell me what to do
44.3%
27M (rank 154)what a life
43.9%
56M (rank 77)dancing queen
43.9%
62M (rank 71)11:11
43.9%
17M (rank 200)something
41.9%
62M (rank 70)beautiful
41.5%
37M (rank 121)what is love (kor ver.)
41.5%
37M (rank 120)chain
41.5%
26M (rank 160)misfit
41.5%
33M (rank 132)four seasons
41.1%
28M (rank 147)shake that brass
40.7%
36M (rank 125)nu abo
40.3%
28M (rank 151)for life
39.5%
15M (rank 217)[station] young
39.5%
26M (rank 162)i just wanna dance
39.5%
30M (rank 141)good evening
39.1%
15M (rank 216)2ya2yao!
38.7%
102M (rank 39)no other
37.9%
39M (rank 113)spy
37.9%
52M (rank 81)rain
37.9%
42M (rank 108)starlight
37.9%
67M (rank 63)paparazzi
37.5%
29M (rank 145)magic
36.8%
22M (rank 179)shinin'
36%
26M (rank 161)[station] don't need your love
35.6%
15M (rank 220)girls' generation
35.6%
21M (rank 182)déjà vu
34.8%
21M (rank 180)lightsaber
33.6%
22M (rank 176)dream girl
33.6%
31M (rank 138)ka-ching
32.8%
30M (rank 140)wakey-wakey
32.4%
16M (rank 206)don't say no
32%
28M (rank 150)swing (kor ver.)
31.6%
18M (rank 196)chu~♡
31.6%
20M (rank 184)beautiful goodbye
31.2%
45M (rank 102)sober (eng ver.)
31.2%
63M (rank 67)galaxy supernova
30.8%
17M (rank 203)countless
30.8%
17M (rank 204)the chance of love
30%
22M (rank 178)why so serious?
28.5%
27M (rank 157)electric kiss
28.1%
20M (rank 186)[station] that's okay
27.7%
16M (rank 205)dear santa
27.7%
21M (rank 181)i got love
27.3%
46M (rank 96)flower power
26.9%
25M (rank 165)horololo
26.5%
15M (rank 219)[station] heartbreak hotel
26.1%
35M (rank 127)#cookie jar
26.1%
19M (rank 189)sappy
26.1%
37M (rank 122)it's you
25.7%
37M (rank 123)a-cha
25.7%
26M (rank 163)one more chance
23.3%
16M (rank 208)yours
22.5%
30M (rank 139)this is love
22.1%
16M (rank 207)[station] take you home
20.2%
44M (rank 104)my oh my
20.2%
19M (rank 191)growing pains
19.8%
39M (rank 114)super girl (chn ver.)
19.4%
15M (rank 218)'bout you
18.2%
18M (rank 192)maxstep
17.4%
24M (rank 169)[station] sweet dream
17%
26M (rank 159)keep your head down
16.6%
18M (rank 198)evanesce
16.2%
22M (rank 174)superman
14.6%
38M (rank 116)break down
14.2%
22M (rank 175)fantastic
14.2%
31M (rank 137)all my love is for you
11.9%
18M (rank 199)bad girl
11.9%
16M (rank 213)[station] dear my family
9.1%
25M (rank 166)love&girls
8.3%
15M (rank 214)disturbance
4.3%
17M (rank 202)ahora te puedes marchar
2.8%
Remove Ads.
Support Sporcle.
Get the best of Sporcle when you Go Orange. This ad-free experience offers more features, more stats, and more fun while also helping to support Sporcle. Thank you for becoming a member.

You're not logged in!

Compare scores with friends on all Sporcle quizzes.
OR
Log In

Show Comments

Extras

Top Quizzes Today


Score Distribution

Your Account Isn't Verified!

In order to create a playlist on Sporcle, you need to verify the email address you used during registration. Go to your Sporcle Settings to finish the process.

Report this User

Report this user for behavior that violates our Community Guidelines.

Details: